|
|
|
|
| LEADER |
00000caa a2200000 c 4500 |
| 001 |
1451462417 |
| 003 |
DE-627 |
| 005 |
20220531134707.0 |
| 007 |
tu |
| 008 |
130423s2012 xx ||||| 00| ||ger c |
| 020 |
|
|
|a 9783907230237
|
| 035 |
|
|
|a (DE-627)1451462417
|
| 035 |
|
|
|a (DE-576)381462412
|
| 035 |
|
|
|a (DE-599)BSZ381462412
|
| 040 |
|
|
|a DE-627
|b ger
|c DE-627
|e rakwb
|
| 041 |
|
|
|a ger
|
| 245 |
0 |
0 |
|a Kampf um Geschlechtergerechtigkeit bei der Entstehung und Umsetzung von Recht in der Schweiz
|c Monica Budowski ...
|
| 264 |
|
1 |
|c 2012
|
| 336 |
|
|
|a Text
|b txt
|2 rdacontent
|
| 337 |
|
|
|a ohne Hilfsmittel zu benutzen
|b n
|2 rdamedia
|
| 338 |
|
|
|a Band
|b nc
|2 rdacarrier
|
| 700 |
1 |
|
|a Budowski, Monica
|d 1957-
|0 (DE-588)112506127
|0 (DE-627)635531283
|0 (DE-576)173668909
|4 oth
|
| 773 |
0 |
8 |
|i In
|t Der Kampf ums Recht
|d Beckenried : Orlux, 2012
|g (2012), Seite [168]-172
|h 358 Seiten
|w (DE-627)1447967631
|w (DE-576)377967637
|z 9783643504616
|z 9783907230237
|z 9783643504180
|7 nnam
|
| 773 |
1 |
8 |
|g year:2012
|g pages:[168]-172
|
| 951 |
|
|
|a AR
|
| ELC |
|
|
|b 1
|
| LOK |
|
|
|0 000 xxxxxcx a22 zn 4500
|
| LOK |
|
|
|0 001 2744734292
|
| LOK |
|
|
|0 003 DE-627
|
| LOK |
|
|
|0 004 1451462417
|
| LOK |
|
|
|0 005 20260212104551
|
| LOK |
|
|
|0 008 130423||||||||||||||||ger|||||||
|
| LOK |
|
|
|0 040
|a DE-21-110
|c DE-627
|d DE-21-110
|
| LOK |
|
|
|0 689
|a s
|a Geschlecht
|
| LOK |
|
|
|0 689
|a s
|a Gerechtigkeit
|
| LOK |
|
|
|0 689
|a s
|a Recht
|
| LOK |
|
|
|0 689
|a s
|a Opferhilfe
|
| LOK |
|
|
|0 689
|a s
|a Integrationspolitik
|
| LOK |
|
|
|0 689
|a s
|a Gleichstellungspolitik
|
| LOK |
|
|
|0 689
|a g
|a Schweiz
|
| LOK |
|
|
|0 852
|a DE-21-110
|
| LOK |
|
|
|0 852 1
|m p
|9 00
|
| LOK |
|
|
|0 938
|k p
|
| LOK |
|
|
|0 939
|a 23-04-13
|b l01
|
| ORI |
|
|
|a WA-MARC-krimdoka001.raw
|